Statistics for Lists by initial with a clue - not too hard

Click here to take the quiz!

General Stats

  • This quiz has been taken 123 times
  • The average score is 9 of 15

Answer Stats

HintAnswer% Correct
Weekly M, T, W, T, F, S & ?Sunday
100%
This one's tough A, B, C, D & ?E
95%
Think in this direction N, S, E & ?West
94%
Size this up XS, S, M, L, XL and ?XXL
90%
Oh Deer, Merry Xmas: D, D, P, V, C, C, D, B & ?Rudolph
79%
Cosmic M, V, E, M, S, J, N & ?Uranus
77%
Great Lakes S, M, H, O & ?Erie
70%
After the rain R, O, Y, G, B, I ?Violet
70%
Sequential lights R, Y & ?..... ?, Y & R.Green
69%
Folk singers P, P & ?Mary
57%
HELP! J, P, G & ?Ringo
42%
A testament to the Old G, E, L, N & ?Deuteronomy
40%
Parking in Orlando MK, EC, DHS & ?Animal Kingdom
17%
Short clue D, H, G, S, S, B & ?Dopey
9%
Elementary, my Dear Watson. E, A, F & ?Water
2%

Score Distribution

Percentile by Number Answered

Percent of People with Each Score

Your Score History

You have not taken this quiz